1810-七尾市(石川県)の駅 - Statistics

General Stats
  • This quiz has been taken 8 times
  • The average score is 5 of 7
Answer Stats
Answer % Correct
七尾
88%
和倉温泉
88%
徳田
63%
田鶴浜
63%
能登中島
63%
西岸
63%
笠師保
50%
No matching quizzes found
Score Distribution
Percent of People with Each Score
Percentile by Number Answered
Your Score History
You have not taken this quiz